<?xml version="1.0" encoding="UTF-8"?>
<record
    xmlns:xsi="http://www.w3.org/2001/XMLSchema-instance"
    xsi:schemaLocation="http://www.loc.gov/MARC21/slim http://www.loc.gov/standards/marcxml/schema/MARC21slim.xsd"
    xmlns="http://www.loc.gov/MARC21/slim">

  <leader>01371nam a22002297a 4500</leader>
  <controlfield tag="003">OSt</controlfield>
  <controlfield tag="005">20201104081919.0</controlfield>
  <controlfield tag="008">100812s2020   dr  c     000 0 spa d</controlfield>
  <datafield tag="020" ind1=" " ind2=" ">
    <subfield code="a">9789945220414</subfield>
  </datafield>
  <datafield tag="040" ind1=" " ind2=" ">
    <subfield code="a">DO-SdBNP</subfield>
    <subfield code="b">spa</subfield>
    <subfield code="c">BNPHHU</subfield>
  </datafield>
  <datafield tag="082" ind1=" " ind2=" ">
    <subfield code="a">xxxx</subfield>
    <subfield code="b">xxx</subfield>
  </datafield>
  <datafield tag="245" ind1="0" ind2="0">
    <subfield code="a">Seguir los pasos de Dios :</subfield>
    <subfield code="b">notas para una historia de las Hijas de la Altagracia /</subfield>
    <subfield code="c">compiladora Mar&#xED;a Magdalena Heredia ; pr&#xF3;logo Mar&#xED;a Mart&#xED;nez de la Cruz</subfield>
  </datafield>
  <datafield tag="260" ind1=" " ind2=" ">
    <subfield code="a">Santo Domingo;</subfield>
    <subfield code="a">B&#xFA;ho, </subfield>
    <subfield code="c">2020.</subfield>
  </datafield>
  <datafield tag="300" ind1=" " ind2=" ">
    <subfield code="a">138 p.</subfield>
    <subfield code="b">retrs.</subfield>
    <subfield code="c">23 cm.</subfield>
  </datafield>
  <datafield tag="500" ind1=" " ind2=" ">
    <subfield code="a">Incluye &#xED;ndice onom&#xE1;stico.</subfield>
  </datafield>
  <datafield tag="504" ind1=" " ind2=" ">
    <subfield code="a">Incluye referencias a pie de p&#xE1;ginas</subfield>
  </datafield>
  <datafield tag="505" ind1="2" ind2=" ">
    <subfield code="t">Pr&#xF3;logo --</subfield>
    <subfield code="t">Introducci&#xF3;n --</subfield>
    <subfield code="t">Historia hermanas hijas de la Altagracia --</subfield>
    <subfield code="t">Siglas y abreviaturas --</subfield>
    <subfield code="t">Las hermanas hijas de la Altagracia HHA --</subfield>
    <subfield code="g">Cap&#xED;tulo 1 --</subfield>
    <subfield code="t">Las hermanas, hijas de la Altagracia --</subfield>
    <subfield code="g">Cap&#xED;tulo 2 --</subfield>
    <subfield code="t">Patrimonio espiritual del instituto HHA --</subfield>
    <subfield code="g">Cap&#xED;tulo 3 --</subfield>
    <subfield code="t">Forma de vida de las hijas de la Altagracia -- </subfield>
    <subfield code="g">Cap&#xED;tulo 4 --</subfield>
    <subfield code="t">Nuestra vida Apost&#xF3;lica --</subfield>
    <subfield code="t">Ap&#xE9;ndices -- </subfield>
    <subfield code="t">Pilares de la congregaci&#xF3;n, notas biogr&#xE1;ficas  --</subfield>
    <subfield code="t">Ap&#xE9;ndice documental --</subfield>
    <subfield code="t">Testimonio hist&#xF3;rico --</subfield>
    <subfield code="t">Decretos de aprobaci&#xF3;n diocesana del instituto --</subfield>
    <subfield code="t">&#xCD;ndice onom&#xE1;stico --</subfield>
  </datafield>
  <datafield tag="590" ind1=" " ind2=" ">
    <subfield code="a">Inventariado, 2020 /YL</subfield>
  </datafield>
  <datafield tag="700" ind1="1" ind2="2">
    <subfield code="a">Heredia J., Mar&#xED;a Magdalena</subfield>
    <subfield code="e">comp.</subfield>
    <subfield code="9">77125</subfield>
  </datafield>
  <datafield tag="700" ind1="1" ind2="2">
    <subfield code="a">Mart&#xED;nez de la Cruz, Mar&#xED;a</subfield>
    <subfield code="e">prol.</subfield>
    <subfield code="9">77126</subfield>
  </datafield>
  <datafield tag="942" ind1=" " ind2=" ">
    <subfield code="2">ddc</subfield>
    <subfield code="c">LBS1</subfield>
  </datafield>
  <datafield tag="952" ind1=" " ind2=" ">
    <subfield code="0">0</subfield>
    <subfield code="1">0</subfield>
    <subfield code="2">ddc</subfield>
    <subfield code="5">1</subfield>
    <subfield code="7">1</subfield>
    <subfield code="8">PD</subfield>
    <subfield code="a">BNPHU</subfield>
    <subfield code="b">BNPHU</subfield>
    <subfield code="c">CT</subfield>
    <subfield code="d">2020-07-29</subfield>
    <subfield code="e">Editora B&#xFA;ho</subfield>
    <subfield code="l">0</subfield>
    <subfield code="o">xxxx xxx</subfield>
    <subfield code="p">2020-0365</subfield>
    <subfield code="r">2020-11-04</subfield>
    <subfield code="w">2020-11-04</subfield>
    <subfield code="y">LFPD</subfield>
  </datafield>
  <datafield tag="952" ind1=" " ind2=" ">
    <subfield code="0">0</subfield>
    <subfield code="1">0</subfield>
    <subfield code="2">ddc</subfield>
    <subfield code="5">1</subfield>
    <subfield code="7">1</subfield>
    <subfield code="8">PD</subfield>
    <subfield code="a">BNPHU</subfield>
    <subfield code="b">BNPHU</subfield>
    <subfield code="c">CT</subfield>
    <subfield code="d">2020-07-29</subfield>
    <subfield code="e">Editora B&#xFA;ho</subfield>
    <subfield code="l">0</subfield>
    <subfield code="o">xxxx xxx</subfield>
    <subfield code="p">2020-0366</subfield>
    <subfield code="r">2020-11-04</subfield>
    <subfield code="t">e. 2</subfield>
    <subfield code="w">2020-11-04</subfield>
    <subfield code="y">LFPD</subfield>
  </datafield>
  <datafield tag="952" ind1=" " ind2=" ">
    <subfield code="0">0</subfield>
    <subfield code="1">0</subfield>
    <subfield code="2">ddc</subfield>
    <subfield code="5">6</subfield>
    <subfield code="7">5</subfield>
    <subfield code="8">MO</subfield>
    <subfield code="a">BNPHU</subfield>
    <subfield code="b">GR</subfield>
    <subfield code="c">CT</subfield>
    <subfield code="d">2020-11-04</subfield>
    <subfield code="e">Editora B&#xFA;ho</subfield>
    <subfield code="l">0</subfield>
    <subfield code="o">xxxx xxx</subfield>
    <subfield code="r">2020-11-04</subfield>
    <subfield code="t">e. 3</subfield>
    <subfield code="w">2020-11-04</subfield>
    <subfield code="y">LBS1</subfield>
  </datafield>
  <datafield tag="999" ind1=" " ind2=" ">
    <subfield code="c">49040</subfield>
    <subfield code="d">49040</subfield>
  </datafield>
</record>
